000 00551nam a22001337a 4500
020 _a0-439-33917-0
082 _a823
_bWAT/J
100 _aWATSON, JUDE
245 _aSTAR WARS JEDI QUEST
260 _aNEW YORK
_bSCHOLASTIC
_c2002
520 _aIn The Way of the Apprentice, four Master-Padawan teams (Anakin and Obi-Wan, Darra Thel-Tanis and Soara Antana, Tru Veld and Ry-Gaul, Ferus Olin and Siri Tachi) must travel to Radnor, where several cities are carrying a deadly virus, and sort out the problem.
650 _aNOVEL
_zUNITED STATES
942 _cBK
999 _c5061
_d5061